000 00532nam a22001697a 4500
005 20251108164755.0
008 250721s1989 xx 000 0 ara d
082 1 4 _a810/مقف
100 1 _aإبن المقفع، عبد الله
245 1 0 _aالأدب الصغير و الأدب الكبير /
264 1 _aالرياض :
_bدار الشواف للطباعة و النشر،
_c1989.
300 _a178ص
650 1 7 _aالأدب العربي
700 1 _aقميحه، مفيد
_eشرح
942 _2ddc
_cBK
999 _c14042
_d14042